Get the Picture: Religious Customs Quiz Stats

 Plays Quiz Updated May 12, 2019

Score 0/16 Timer 03:00
0 Plays Today
Question Answer Wrong Answers
Practitioners believe that Jesus was the son of God and came to earth to teach through his actions and lessons Christianity
94.7%
Hinduism
0.7%
Judaism
0.6%
Buddhism
0.3%
Practitioners receive a bar/bat mitzvah - a ritual that signifies the coming of age for a man/woman Judaism
93.7%
Hinduism
1.1%
Christianity
0.4%
Buddhism
0.7%
Practitioners are baptized shortly after birth - a ritual that symbolizes purification or regeneration and admission to the Church. Christianity
92.8%
Hinduism
0.8%
Judaism
1.6%
Buddhism
0.8%
Practitioners receive a Holy Communion, the third sacrament that signifies a person reaching the 'age of reason'. Christianity
92.6%
Hinduism
1%
Judaism
1.5%
Buddhism
1%
Practitioners participate in 'Lent', a 40-day period of fasting that starts on Ash Wednesday and ends on Holy Saturday Christianity
91.4%
Hinduism
1.1%
Judaism
3.1%
Buddhism
0.4%
Practitioners eat honey and apples on Rosh Hashanah to symbolize the wish for a sweet new year Judaism
89.9%
Hinduism
4.1%
Christianity
0.6%
Buddhism
1.6%
Practitioners often 'Break the glass' during a wedding ceremony - a ritual that signifies the finality of the marital covenant Judaism
88%
Hinduism
3.3%
Christianity
1.9%
Buddhism
2.6%
Practitioners believe in 'The Middle Way' - the midpoint between living for worldly pleasures and self-denial. Buddhism
73.1%
Hinduism
18.6%
Christianity
1.8%
Judaism
2.2%
Practitioners provide monks with material gifts that serve as sacrificial offerings Buddhism
65.2%
Hinduism
17.5%
Christianity
11.7%
Judaism
2.1%
Practitioners three major milestones in life are birth, enlightenment, and parinibbana - the entrance into the final nirvana Buddhism
64.8%
Hinduism
28.9%
Christianity
0.9%
Judaism
1.7%
Practitioners sit 'shiva' after a funeral - a seven day mourning period in which families gather to pray Judaism
63.9%
Hinduism
20.1%
Christianity
0.4%
Buddhism
11.9%
Practitioners marriages are mostly arranged and generally take place within the respective castes only. Hinduism
63.8%
Christianity
1.6%
Judaism
2%
Buddhism
28.7%
Practitioners apply a spot of kumkum between their eyebrows at the time of worship Hinduism
57.3%
Christianity
1.6%
Judaism
3.1%
Buddhism
34.6%
Practitioners have their ears pierced and golden earrings placed at birth Hinduism
54.4%
Christianity
1.7%
Judaism
3.3%
Buddhism
36.7%
Practitioners place lemons underneath the wheels of their vehicles prior to long travel. Hinduism
36.1%
Christianity
1%
Judaism
9.9%
Buddhism
48.9%
Practitioners wear white or cover their clothing with a traditional white cloth at a funeral Buddhism
32%
Hinduism
40.7%
Christianity
8.4%
Judaism
15.2%

Today's Daily Dose

You're not logged in!

Compare scores with friends on all Sporcle quizzes.
OR
Log In

Show Comments

Extras

Top Quizzes Today


Score Distribution

Your Account Isn't Verified!

In order to create a playlist on Sporcle, you need to verify the email address you used during registration. Go to your Sporcle Settings to finish the process.

Report this User

Report this user for behavior that violates our Community Guidelines.

Details: